000
00319nam a2200121Ia 4500
008
241028s9999 xx 000 0 und d
041
_a
eng
082
_a
650.144 ROU
100
_a
Kathryn Roulston
245
_a
Interviewing A Guide To Theory And Practice
260
_b
Sage
_a
LOS ANGELE
_c
2022
300
_a
332;. P. 22 cm
999
_c
42923
_d
42923